Geología para ingenieros (Registro nro. 13042)

Detalles MARC
000 -LIDER
fixed length control field 00587nam a22001817a 4500
003 - IDENTIFICACDOR DE NÚMERO DE CONTROL
control field DO-SdBNP
005 - DATE AND TIME OF LATEST TRANSACTION
control field 20171124105424.0
008 - ELEMENTOS DE LONGITUD FIJA
fixed length control field 171123b 1959mx||||| |||| 00| 0 spa d
040 ## - FUENTE DE CATALOGACIÓN
Agencia que crea de manera original el registro BPMSU
Idioma de catalogación spa
Agencia que realiza la transcripción BPMSU
100 ## - ASIENTO PRINCIPAL -- NOMBRE PERSONAL
Nombre personal Trefethen, Joseph M.
240 ## - TITULO UNIFORME
Título uniforme Geology for engineers
Idioma de una obra Español
245 ## - MENCIÓN DE TITULO
Título Geología para ingenieros
Mención de responsabilidad Joseph M. Trefethen ; traducido por José Luis de la Loma
250 ## - MENCIÓN DE EDICION
Mención de edición 2a. ed.
300 ## - DESCRIPCIÓN FÍSICA
Extensión 667p.
Otros detalles físicos il. ,
Dimensiones 23 cm.
500 ## - NOTA GENERAL
Nota general Incluye referencias bibliográficas y notas al pie de las paginas
942 ## - ADDED ENTRY ELEMENTS (KOHA)
Source of classification or shelving scheme Dewey Decimal Classification
Koha item type Libros
945 ## - INFORMACIÓN DE PROCESAMIENTO LOCAL
Información de procesamiento local Inventariado, 2017/MFF
Existencias
Withdrawn status Lost status Source of classification or shelving scheme Damaged status Not for loan Collection code Home library Current library Date acquired Total Checkouts Barcode Date last seen Price effective from Koha item type
    Dewey Decimal Classification     Colección General Biblioteca Pública Metropolitana Salomé Ureña Biblioteca Pública Metropolitana Salomé Ureña 11/24/2017   BPMSU17110404 11/24/2017 11/24/2017 Libros